[Event "TCh-RUS Premier 2019"]
[Site "Sochi RUS"]
[Date "2019.05.01"]
[Round "1.4"]
[Board "6"]
[White "Rozum, Ivan"]
[Black "Ofitserian, Boris"]
[Result "1-0"]
[WhiteTitle "GM"]
[BlackTitle "FM"]
[WhiteElo "2568"]
[BlackElo "2413"]
[WhiteTeam "Strazhi pravoporyadka (St. Petersburg)"]
[BlackTeam "Moskovskaya oblast"]
[WhiteFideId "24104272"]
[BlackFideId "24199443"]
[EventDate "2019.05.01"]

1. d4 Nf6 2. Nf3 g6 3. Nbd2 d5 4. b4 Bg7 5. e3 O-O 6. Be2 Nc6 7. a3 Re8 8. Bb2
Bg4 9. c4 dxc4 10. Nxc4 Qd5 11. Ncd2 a5 12. b5 Bxf3 13. Nxf3 Na7 14. Rc1 c6 15.
Bc4 Qd6 16. bxc6 Nxc6 17. O-O e6 18. Qa4 Nd7 19. Nd2 Nb6 20. Qb5 Nxc4 21. Nxc4
Qc7 22. Nb6 Rad8 23. Rc2 Qd6 24. Rfc1 Re7 25. Rc5 f5 26. g3 Rf8 27. a4 Qd8 28.
Ba3 Ref7 29. d5 Nb4 30. dxe6 Re7 31. Rc8 Qd2 32. Qxa5 Bb2 33. Bxb4 1-0

[Event "TCh-RUS Premier 2019"]
[Site "Sochi RUS"]
[Date "2019.05.01"]
[Round "1.5"]
[Board "3"]
[White "Timofeev, Artyom"]
[Black "Tsydypov, Zhamsaran"]
[Result "1/2-1/2"]
[WhiteTitle "GM"]
[BlackTitle "IM"]
[WhiteElo "2602"]
[BlackElo "2546"]
[WhiteTeam "Ladia (Republic of Tatarstan)"]
[BlackTeam "Siberia (Novosibirsk region)"]
[WhiteFideId "4140419"]
[BlackFideId "4108566"]
[EventDate "2019.05.01"]

1. e4 c5 2. Nf3 d6 3. Bc4 Nf6 4. e5 dxe5 5. Nxe5 e6 6. Qe2 Bd6 7. b3 O-O 8. Bb2
Qc7 9. O-O a6 10. a4 Nbd7 11. Re1 Nxe5 12. Bxe5 Bxe5 13. Qxe5 Qxe5 14. Rxe5 b6
15. Nc3 Rd8 16. Rd1 Bb7 17. f3 Nd7 18. Ree1 Nb8 19. Bd3 Nc6 20. Be4 Na5 21. d3
Bxe4 22. dxe4 Nc6 23. Rxd8+ Rxd8 24. Rd1 Rd4 25. Rc1 Nb4 26. Nb1 Nxc2 27. a5 Na1
28. Rc3 bxa5 29. Kf2 Rd1 30. Na3 Rd2+ 31. Kg3 f6 32. Nc4 Ra2 33. e5 a4 34. bxa4
Rc2 35. Rxc2 Nxc2 36. exf6 gxf6 37. Nd6 f5 38. Kf4 Kf8 39. Ke5 Ne3 40. Nb7 c4
41. Kd4 Nxg2 42. Nc5 Ke7 43. Nxa6 Ne1 44. f4 Nd3 45. Nc7 Nc5 46. a5 Nb3+ 47.
Kxc4 Nxa5+ 48. Kd4 Nb3+ 49. Ke3 Nc5 50. Nb5 Ne4 51. Nd4 Nf6 52. Kf3 Kd6 53. Nb3
Kd5 54. Nd2 Ne8 55. Ke3 Nd6 56. Kd3 Nf7 57. Nc4 Nh6 58. Nb6+ Kc6 59. Nc4 Ng4 60.
h3 Nf2+ 61. Ke3 Nxh3 62. Kf3 Kd5 63. Nb6+ Kd4 64. Nd7 h6 65. Kg3 Ng5 66. fxg5
hxg5 67. Nf8 Kd5 68. Nh7 g4 69. Kf4 Kd4 70. Ng5 e5+ 71. Kxf5 g3 72. Kg4 g2 1/2-1/2

[Event "TCh-RUS Premier 2019"]
[Site "Sochi RUS"]
[Date "2019.05.01"]
[Round "1.5"]
[Board "5"]
[White "Makhmutov, Rail"]
[Black "Kezin, Roman"]
[Result "1/2-1/2"]
[WhiteTitle "IM"]
[BlackTitle "IM"]
[WhiteElo "2390"]
[BlackElo "2468"]
[WhiteTeam "Ladia (Republic of Tatarstan)"]
[BlackTeam "Siberia (Novosibirsk region)"]
[WhiteFideId "4122151"]
[BlackFideId "24124621"]
[EventDate "2019.05.01"]

1. d4 d5 2. c4 e6 3. Nf3 Nf6 4. g3 Be7 5. Bg2 O-O 6. O-O dxc4 7. Ne5 c5 8. dxc5
Qc7 9. Nxc4 Qxc5 10. b3 Rd8 11. Nbd2 Nc6 12. e3 Qb5 13. Bb2 Bd7 14. Ne4 Be8 15.
Qe2 Nxe4 16. Bxe4 f6 17. Rfd1 Bh5 18. Bf3 Bxf3 19. Qxf3 Qf5 20. Qxf5 exf5 21.
Bc3 Kf7 22. a4 Ke6 23. Kf1 Rac8 24. Rxd8 Rxd8 25. Na5 Nxa5 26. Bxa5 Rc8 27. Rd1
Rc2 28. Be1 Rb2 29. Rd3 g5 30. h3 h5 31. Bd2 Rb1+ 32. Ke2 Rh1 33. Rc3 Kd7 34.
Rd3+ Ke6 35. Rc3 Bd6 36. Rc8 Rb1 37. Rh8 Rxb3 38. Rxh5 Rb2 39. Kd3 Bb4 40. Bxb4
Rxb4 41. a5 Ra4 42. Rh7 Rxa5 43. Rxb7 Ra2 44. f4 Rg2 45. fxg5 fxg5 46. g4 fxg4
47. hxg4 Rxg4 48. Rxa7 Rb4 49. Ke2 Kf6 50. Kf3 Rc4 51. Ra6+ Kf5 52. Ra5+ Kf6 53.
Ra6+ 1/2-1/2

[Event "TCh-RUS Premier 2019"]
[Site "Sochi RUS"]
[Date "2019.05.02"]
[Round "2.1"]
[Board "1"]
[White "Lobanov, Sergei"]
[Black "Bocharov, Ivan"]
[Result "1/2-1/2"]
[WhiteTitle "IM"]
[BlackTitle "IM"]
[WhiteElo "2513"]
[BlackElo "2568"]
[WhiteTeam "SShOR (St. Petersburg)"]
[BlackTeam "Siberia (Novosibirsk region)"]
[WhiteFideId "24183750"]
[BlackFideId "4180887"]
[EventDate "2019.05.01"]

1. e4 c6 2. d4 d5 3. e5 Bf5 4. Bd3 Bxd3 5. Qxd3 Qa5+ 6. Nd2 e6 7. Ne2 c5 8. O-O
Nc6 9. c3 Rc8 10. f4 Nge7 11. g4 cxd4 12. Nxd4 Nxd4 13. cxd4 h5 14. h3 hxg4 15.
hxg4 Nc6 16. Nb3 Qb6 17. Be3 Nb4 18. Qd1 Rh3 19. Re1 Rc2 20. Re2 Rxe2 21. Qxe2
Qa6 22. Qxa6 bxa6 23. Bd2 Rg3+ 24. Kf2 Rxg4 25. Kf3 Rh4 26. Rc1 Kd7 27. Bxb4
Bxb4 28. Nc5+ Bxc5 29. Rxc5 Rh2 30. Ra5 Rxb2 31. Rxa6 Rb7 32. Kg4 Rb4 33. Rxa7+
Ke8 34. Ra8+ Ke7 35. Ra7+ Ke8 36. Ra8+ Ke7 37. Ra7+ Ke8 38. Ra8+ Ke7 39. Ra7+
Ke8 40. Ra8+ Ke7 41. Ra7+ 1/2-1/2

[Event "TCh-RUS Premier 2019"]
[Site "Sochi RUS"]
[Date "2019.05.02"]
[Round "2.2"]
[Board "1"]
[White "Sjugirov, Sanan"]
[Black "Artemiev, Vladislav"]
[Result "1/2-1/2"]
[WhiteTitle "GM"]
[BlackTitle "GM"]
[WhiteElo "2661"]
[BlackElo "2754"]
[WhiteTeam "Strazhi pravoporyadka (St. Petersburg)"]
[BlackTeam "Ladia (Republic of Tatarstan)"]
[WhiteFideId "4189302"]
[BlackFideId "24101605"]
[EventDate "2019.05.01"]

1. e4 c5 2. Nf3 d6 3. d4 cxd4 4. Nxd4 Nf6 5. Nc3 a6 6. Bg5 Nbd7 7. f4 Qc7 8. Qf3
g6 9. O-O-O Bg7 10. Be2 h6 11. Bh4 Nb6 12. h3 Bd7 13. Rhe1 Bc6 14. Nxc6 bxc6 15.
Bxf6 exf6 16. Qg3 Rd8 17. h4 O-O 18. Bxa6 Ra8 19. Bf1 f5 20. exf5 gxf5 21. a3
Rfb8 22. Re3 d5 23. Rf3 Nd7 24. Bd3 Qb6 25. Bxf5 Qxb2+ 26. Kd2 Nc5 27. Ke2 Ne4
28. Bxe4 dxe4 29. Re3 Rxa3 30. f5 Kh8 31. Nxe4 Qxc2+ 32. Rd2 Rxe3+ 33. Qxe3 Qc4+
34. Qd3 Qa4 35. f6 Bf8 36. Kf2 Qa5 37. Re2 Qe5 38. Qg3 Qd4+ 39. Qe3 Qd5 40. Qf3
Rb3 41. Re3 Qd4 42. Qf4 c5 43. Kf3 Qd1+ 44. Kg3 c4 45. Qf3 Qd5 46. Nc3 Bd6+ 47.
Kh3 Qxf3+ 48. gxf3 Kh7 49. Nd5 Kg6 50. Re4 Rxf3+ 51. Kg2 Rg3+ 52. Kf2 Rd3 53.
Ne7+ Kxf6 54. Ng8+ Kg7 55. Rg4+ Kf8 56. Nxh6 Bc5+ 57. Ke2 Rc3 58. Nf5 Rc2+ 59.
Ke1 Rc1+ 60. Ke2 Rc2+ 61. Ke1 Bb4+ 62. Kf1 Rc1+ 63. Kg2 Bc5 64. Kh2 Rf1 65. Ng3
Rc1 66. Nf5 Bb6 67. h5 Rc2+ 68. Kg3 Rf2 69. Nd6 Rf6 1/2-1/2

[Event "TCh-RUS Premier 2019"]
[Site "Sochi RUS"]
[Date "2019.05.02"]
[Round "2.2"]
[Board "4"]
[White "Faizrakhmanov, Ramil"]
[Black "Kokarev, Dmitry"]
[Result "1/2-1/2"]
[WhiteTitle "IM"]
[BlackTitle "GM"]
[WhiteElo "2438"]
[BlackElo "2605"]
[WhiteTeam "Ladia (Republic of Tatarstan)"]
[BlackTeam "Strazhi pravoporyadka (St. Petersburg)"]
[WhiteFideId "24103209"]
[BlackFideId "4132181"]
[EventDate "2019.05.01"]

1. d4 Nf6 2. c4 g6 3. Nc3 Bg7 4. e4 d6 5. Nf3 O-O 6. h3 e5 7. d5 a5 8. Be3 Na6
9. g4 Nc5 10. Nd2 c6 11. Be2 Bd7 12. h4 cxd5 13. cxd5 Rc8 14. a4 Ne8 15. h5 Bf6
16. Nb3 Bg5 17. Nxc5 dxc5 18. Qd2 Bxe3 19. Qxe3 g5 20. Bb5 h6 21. f3 Nd6 22.
Bxd7 Qxd7 23. O-O b6 24. Rfc1 Rfd8 25. Rc2 Rb8 26. Qe2 Qa7 27. Nb5 Nxb5 28. Qxb5
Rd6 29. Rd1 Ra8 30. Rc3 Qe7 31. Kg2 Qa7 32. Rd2 Qe7 33. Rd1 Qa7 34. Rd2 Qe7 1/2-1/2

[Event "TCh-RUS Premier 2019"]
[Site "Sochi RUS"]
[Date "2019.05.02"]
[Round "2.3"]
[Board "1"]
[White "Riazantsev, Alexander"]
[Black "Iljiushenok, Ilia"]
[Result "0-1"]
[WhiteTitle "GM"]
[BlackTitle "GM"]
[WhiteElo "2653"]
[BlackElo "2534"]
[WhiteTeam "HQ Sima-land (Sverdlovsk region)"]
[BlackTeam "Moskovskaya oblast"]
[WhiteFideId "4125029"]
[BlackFideId "24105074"]
[EventDate "2019.05.01"]

1. d4 Nf6 2. Nf3 g6 3. Nc3 d5 4. Bf4 Bg7 5. e3 O-O 6. Nb5 Na6 7. h3 c6 8. Nc3
Nc7 9. Be2 Nce8 10. O-O Nd6 11. Bh2 Bf5 12. Ne5 Rc8 13. a4 a5 14. Nd3 Re8 15.
Nb1 Nfe4 16. Nd2 Nxd2 17. Qxd2 Nc4 18. Qd1 f6 19. b3 Nd6 20. c4 e5 21. Rc1 Ne4
22. Ne1 exd4 23. Qxd4 Be6 24. Nf3 f5 25. Be5 Bxe5 26. Qxe5 dxc4 27. bxc4 Bf7 28.
Qa1 Qe7 29. Rfd1 Nxf2 30. Kxf2 Qxe3+ 31. Kg3 Qxe2 32. Rd7 Re7 33. Rcd1 Rce8 34.
c5 Bd5 35. Rxe7 Qxe7 36. Re1 Qc7+ 37. Kf2 Rxe1 38. Qxe1 b6 39. Qe8+ Kg7 40. Qe3
bxc5 41. Qxc5 Kg8 42. h4 Qd8 43. Qd4 Qe7 44. Kg3 Bxf3 45. gxf3 c5 46. Qc4+ Kf8
47. Qc3 Qc7+ 48. f4 Kg8 49. Qf6 c4 50. h5 gxh5 51. Qxf5 c3 52. Qd5+ Kg7 53. Kf3
c2 54. Qg5+ Kf7 55. Qf5+ Ke8 56. Qxh5+ Kd8 57. Qd5+ Ke7 58. Qg5+ Ke6 59. Qg8+
Kd6 60. Qf8+ Kd5 61. Qf5+ Kd4 62. Qf6+ Kd3 63. Qf5+ Kc3 0-1

[Event "TCh-RUS Premier 2019"]
[Site "Sochi RUS"]
[Date "2019.05.02"]
[Round "2.3"]
[Board "2"]
[White "Nozdrachev, Vladislav"]
[Black "Motylev, Alexander"]
[Result "1/2-1/2"]
[WhiteTitle "IM"]
[BlackTitle "GM"]
[WhiteElo "2489"]
[BlackElo "2650"]
[WhiteTeam "Moskovskaya oblast"]
[BlackTeam "HQ Sima-land (Sverdlovsk region)"]
[WhiteFideId "24113441"]
[BlackFideId "4121830"]
[EventDate "2019.05.01"]

1. e4 c5 2. Nf3 d6 3. d4 cxd4 4. Nxd4 Nf6 5. Nc3 a6 6. h3 e6 7. g4 Nfd7 8. Bg2
Be7 9. Be3 Nc6 10. h4 O-O 11. g5 Nde5 12. O-O f6 13. Nxc6 bxc6 14. f4 Nc4 15.
Qe2 Nxe3 16. Qxe3 Rb8 17. b3 e5 18. fxe5 dxe5 19. Rad1 Qe8 20. Qg3 fxg5 21.
Rxf8+ Bxf8 22. Qxg5 Bc5+ 23. Kh2 Be7 24. Qxe5 Bg4 25. Rd3 h5 26. Bh3 Rd8 27. Kg2
Rxd3 28. cxd3 Bxh3+ 29. Kxh3 Qd7+ 30. Kg2 Bf6 31. Qb8+ Kh7 32. Na4 Qxd3 33. Qf4
Qe2+ 34. Kh3 Qd3+ 35. Kg2 Qe2+ 36. Kh3 Bd4 37. Qf5+ g6 38. Qd7+ Bg7 39. Qe7 Qf3+
40. Kh2 Qf2+ 41. Kh3 Qf3+ 42. Kh2 Qf4+ 43. Kg2 Kh6 44. Nc5 Be5 45. Qg5+ Qxg5+
46. hxg5+ Kxg5 47. Nxa6 Kf4 48. Nb4 Kxe4 49. Nxc6 Bd6 50. a4 Kd5 51. Na5 g5 52.
Nc4 Bc5 53. Nd2 g4 54. Kg3 Bb4 1/2-1/2

[Event "TCh-RUS Premier 2019"]
[Site "Sochi RUS"]
[Date "2019.05.02"]
[Round "2.3"]
[Board "3"]
[White "Sarana, Alexey"]
[Black "Geller, Jakov"]
[Result "1-0"]
[WhiteTitle "GM"]
[BlackTitle "GM"]
[WhiteElo "2636"]
[BlackElo "2518"]
[WhiteTeam "HQ Sima-land (Sverdlovsk region)"]
[BlackTeam "Moskovskaya oblast"]
[WhiteFideId "24133795"]
[BlackFideId "4151984"]
[EventDate "2019.05.01"]

1. d4 d5 2. c4 e6 3. Nf3 c6 4. Nbd2 Nf6 5. e3 c5 6. cxd5 exd5 7. b3 Nc6 8. Bb2
cxd4 9. Nxd4 Bd6 10. Bd3 O-O 11. O-O Re8 12. Rc1 Bd7 13. Nxc6 bxc6 14. Qc2 h6
15. Bf5 Bc8 16. Rfd1 Bb7 17. Bd4 Ba3 18. Bb2 Qe7 19. Bxa3 Qxa3 20. Nf3 a5 21.
Nd4 a4 22. Rb1 axb3 23. Rxb3 Qe7 24. Rdb1 Ra7 25. Rb6 Ba8 26. Rxc6 Bxc6 27. Nxc6
Qc7 28. Nxa7 Qxa7 29. Bd3 Ne4 30. a4 Qa5 31. Rc1 g6 32. h3 h5 33. Bb5 Re6 34.
Qb2 Kh7 35. Qd4 Rd6 36. Kh2 Qd8 37. Rc2 Rf6 38. Kg1 Qa5 39. Qa1 Qb6 40. Bd3 Re6
41. a5 Qb3 42. Rc8 f6 43. Bxe4 dxe4 44. a6 1-0

[Event "TCh-RUS Premier 2019"]
[Site "Sochi RUS"]
[Date "2019.05.02"]
[Round "2.3"]
[Board "4"]
[White "Bykov, Oleg"]
[Black "Oparin, Grigoriy"]
[Result "0-1"]
[BlackTitle "GM"]
[WhiteElo "2395"]
[BlackElo "2624"]
[WhiteTeam "Moskovskaya oblast"]
[BlackTeam "HQ Sima-land (Sverdlovsk region)"]
[WhiteFideId "24198978"]
[BlackFideId "24125890"]
[EventDate "2019.05.01"]

1. c4 Nf6 2. Nc3 c5 3. g3 e6 4. Nf3 b6 5. Bg2 Bb7 6. O-O Be7 7. d4 cxd4 8. Qxd4
O-O 9. e4 d6 10. b3 Nbd7 11. Bb2 a6 12. Rfe1 Qc7 13. Qd2 Rac8 14. Nd4 Qb8 15. f4
Rfd8 16. Qe2 Qa7 17. Kh1 Qa8 18. a4 Bf8 19. Rad1 Re8 20. Nc2 Nc5 21. b4 Ncd7 22.
h3 Rc7 23. g4 h6 24. h4 h5 25. gxh5 e5 26. f5 Rec8 27. Ne3 Nxe4 28. Nxe4 Bxe4
29. Rd5 Bxg2+ 30. Qxg2 Nf6 31. h6 Rxc4 32. Nxc4 Qxd5 33. Ne3 Qxg2+ 34. Kxg2 gxh6
35. Rd1 h5 36. b5 axb5 37. axb5 Rc5 0-1

[Event "TCh-RUS Premier 2019"]
[Site "Sochi RUS"]
[Date "2019.05.02"]
[Round "2.3"]
[Board "5"]
[White "Predke, Alexandr"]
[Black "Ofitserian, Boris"]
[Result "1-0"]
[WhiteTitle "GM"]
[BlackTitle "FM"]
[WhiteElo "2626"]
[BlackElo "2413"]
[WhiteTeam "HQ Sima-land (Sverdlovsk region)"]
[BlackTeam "Moskovskaya oblast"]
[WhiteFideId "24107581"]
[BlackFideId "24199443"]
[EventDate "2019.05.01"]

1. d4 Nf6 2. c4 g6 3. Nc3 d5 4. cxd5 Nxd5 5. e4 Nxc3 6. bxc3 Bg7 7. Nf3 c5 8.
Be3 Qa5 9. Qd2 Nd7 10. Rc1 O-O 11. h4 Nf6 12. Bd3 Rd8 13. h5 cxd4 14. cxd4 Qxd2+
15. Kxd2 Nxh5 16. e5 f6 17. Rc7 fxe5 18. Rxe7 exd4 19. Bc4+ Kh8 20. Bg5 Rf8 21.
Ne5 Bxe5 22. Rxe5 Rxf2+ 23. Ke1 Rf8 24. Re7 Bf5 25. Rxh5 gxh5 26. Bh6 Rg8 27.
Bf4 1-0

[Event "TCh-RUS Premier 2019"]
[Site "Sochi RUS"]
[Date "2019.05.02"]
[Round "2.3"]
[Board "6"]
[White "Nozdrachev, Leonid"]
[Black "Khismatullin, Denis"]
[Result "1-0"]
[WhiteTitle "IM"]
[BlackTitle "GM"]
[WhiteElo "2367"]
[BlackElo "2619"]
[WhiteTeam "Moskovskaya oblast"]
[BlackTeam "HQ Sima-land (Sverdlovsk region)"]
[WhiteFideId "24113433"]
[BlackFideId "4142578"]
[EventDate "2019.05.01"]

1. d4 Nf6 2. c4 e6 3. Nc3 Bb4 4. e3 c5 5. Bd3 Nc6 6. Nf3 Bxc3+ 7. bxc3 d6 8. e4
e5 9. d5 Ne7 10. Nh4 h6 11. g3 Bh3 12. f4 O-O 13. Qf3 b5 14. f5 Qa5 15. Bd2 bxc4
16. Bf1 Bxf1 17. Rxf1 Rfb8 18. Ng2 Rb2 19. a4 Rab8 20. Ne3 Qa6 21. g4 Rb1+ 22.
Ke2 Rxf1 23. Nxf1 Rb3 24. h4 Qb7 25. g5 hxg5 26. hxg5 Nfxd5 27. exd5 Nxd5 28.
Kf2 Rb2 29. Kg1 Kf8 30. f6 gxf6 31. gxf6 Ke8 32. Rd1 Nc7 33. Qg4 Kd8 34. Ne3 Rb1
35. Bc1 Ne8 36. Nxc4 Qd7 37. Qxd7+ Kxd7 38. Nxe5+ Ke6 39. Nc4 Nxf6 40. Rxd6+ Kf5
41. Rd1 Ne4 42. Rf1+ Ke6 43. Nd2 Rxc1 44. Nxe4 Rc2 45. Nxc5+ Kd5 46. Na6 Rxc3
47. Rxf7 Rb3 48. Rxa7 Rb1+ 49. Kf2 Kc6 50. Ra8 Ra1 51. Nb4+ Kc5 52. Nd3+ Kd4 53.
Nb2 Rh1 54. Rb8 Rh2+ 55. Kg3 Rh7 56. Rb5 Rc7 57. Kf3 Rf7+ 58. Ke2 Rh7 59. Kd2 1-0

[Event "TCh-RUS Premier 2019"]
[Site "Sochi RUS"]
[Date "2019.05.02"]
[Round "2.4"]
[Board "3"]
[White "Matlakov, Maxim"]
[Black "Dreev, Aleksey"]
[Result "1-0"]
[WhiteTitle "GM"]
[BlackTitle "GM"]
[WhiteElo "2697"]
[BlackElo "2662"]
[WhiteTeam "Mednyi vsadnik (St. Petersburg)"]
[BlackTeam "ShSM Legacy Square Capital (Moscow)"]
[WhiteFideId "4168003"]
[BlackFideId "4100107"]
[EventDate "2019.05.01"]

1. d4 d5 2. c4 c6 3. Nf3 Nf6 4. Nc3 e6 5. e3 Nbd7 6. Qc2 b6 7. b3 Bb7 8. Bb2 Bd6
9. Bd3 O-O 10. O-O Re8 11. Rad1 Rc8 12. e4 dxc4 13. bxc4 e5 14. Ne2 exd4 15.
Nfxd4 Ne5 16. Nf5 c5 17. Neg3 Bf8 18. f4 Ng6 19. e5 Nd7 20. Nh5 Qc7 21. e6 Rxe6
22. Nhxg7 Rf6 23. Nh5 Re6 24. Nfg3 Rd6 25. Bf5 1-0

[Event "TCh-RUS Premier 2019"]
[Site "Sochi RUS"]
[Date "2019.05.02"]
[Round "2.4"]
[Board "4"]
[White "Zvjaginsev, Vadim"]
[Black "Rodshtein, Maxim"]
[Result "1/2-1/2"]
[WhiteTitle "GM"]
[BlackTitle "GM"]
[WhiteElo "2635"]
[BlackElo "2699"]
[WhiteTeam "ShSM Legacy Square Capital (Moscow)"]
[BlackTeam "Mednyi vsadnik (St. Petersburg)"]
[WhiteFideId "4113403"]
[BlackFideId "2806851"]
[EventDate "2019.05.01"]

1. Nf3 d5 2. b3 Bf5 3. Bb2 e6 4. g3 h6 5. Bg2 Nf6 6. O-O Be7 7. d3 O-O 8. Nc3
Bh7 9. Re1 c6 10. e4 Nfd7 11. Qe2 Re8 12. a3 Na6 13. Rad1 Nc7 14. d4 a5 15. Ne5
Nf6 16. h4 Bf8 17. Kh2 Rc8 18. Rd2 Na8 19. Qd1 Nb6 20. Rde2 Qc7 21. Kg1 Rcd8 22.
Qc1 dxe4 23. Nxe4 Bxe4 24. Bxe4 Nxe4 25. Rxe4 Nd7 26. Nd3 Nf6 27. Rf4 Nd7 28.
Rfe4 Nf6 29. R4e2 b5 30. c4 bxc4 31. bxc4 c5 32. Nxc5 Bxc5 33. dxc5 Nd7 34. Qc3
e5 35. c6 Qxc6 36. Qxa5 f6 37. Qd5+ Qxd5 38. cxd5 Nb6 39. f4 Rxd5 40. fxe5 fxe5
41. Rxe5 Rdxe5 42. Rxe5 Rxe5 43. Bxe5 1/2-1/2

[Event "TCh-RUS Premier 2019"]
[Site "Sochi RUS"]
[Date "2019.05.02"]
[Round "2.4"]
[Board "5"]
[White "Ponkratov, Pavel"]
[Black "Grachev, Boris"]
[Result "1-0"]
[WhiteTitle "GM"]
[BlackTitle "GM"]
[WhiteElo "2640"]
[BlackElo "2615"]
[WhiteTeam "Mednyi vsadnik (St. Petersburg)"]
[BlackTeam "ShSM Legacy Square Capital (Moscow)"]
[WhiteFideId "4157800"]
[BlackFideId "4129199"]
[EventDate "2019.05.01"]

1. e4 c5 2. Nf3 e6 3. d4 cxd4 4. Nxd4 Nc6 5. Nc3 a6 6. Bf4 d6 7. Nxc6 bxc6 8.
Qd2 Be7 9. O-O-O e5 10. Bg3 Nf6 11. Bc4 O-O 12. Kb1 Be6 13. Bb3 Qc8 14. f4 exf4
15. Bxf4 Rd8 16. Rhf1 Bxb3 17. cxb3 Qe6 18. Qe2 d5 19. exd5 Qxe2 20. Nxe2 Nxd5
21. Bd2 Bf6 22. Rc1 Rd6 23. Ng3 Re6 24. Rc4 Nb6 25. Rc2 g6 26. Ne4 Be7 27. Ng5
Bxg5 28. Bxg5 Nd5 29. a3 f6 30. Bd2 Kf7 31. g4 Ke8 32. Rf3 Kd7 33. Bc3 Rae8 34.
Rcf2 Re3 35. Bxf6 Rxf3 36. Rxf3 Rf8 37. g5 Ke6 38. Rh3 h5 39. Bd4 Rf4 40. Rd3
Kf5 41. Rd2 Kxg5 42. b4 Kf5 43. Ka2 Rf3 44. Rc2 Ke4 45. Ba7 Rf7 46. Bc5 g5 47.
Re2+ Kf5 48. Kb3 h4 49. Ka4 g4 50. Ka5 Nf4 51. Rc2 g3 52. hxg3 hxg3 53. Kxa6 g2
54. Bg1 Re7 55. Rc5+ Nd5 56. b5 Re1 57. bxc6 Ke4 58. Rc4+ Kf3 59. Ba7 Nc7+ 60.
Ka5 Re5+ 61. Ka4 Re8 62. Rc3+ Kg4 63. Bf2 Re2 64. Rg3+ Kf5 65. Rxg2 Rxb2 66. Rg7
Ne6 67. Rf7+ Ke4 68. Bg3 Kd5 69. c7 Nc5+ 70. Ka5 Rc2 71. c8=Q Nb3+ 72. Kb4 Rxc8
73. Kxb3 Kc6 74. a4 Rd8 75. Kc4 Ra8 76. Kb4 Rg8 77. Bf4 Re8 78. Bc7 Kb7 79. Kb5
Ka8 80. Ka6 Rc8 81. Rd7 1-0

[Event "TCh-RUS Premier 2019"]
[Site "Sochi RUS"]
[Date "2019.05.02"]
[Round "2.4"]
[Board "6"]
[White "Popov, Ivan RUS"]
[Black "Alekseenko, Kirill"]
[Result "0-1"]
[WhiteTitle "GM"]
[BlackTitle "GM"]
[WhiteElo "2600"]
[BlackElo "2636"]
[WhiteTeam "ShSM Legacy Square Capital (Moscow)"]
[BlackTeam "Mednyi vsadnik (St. Petersburg)"]
[WhiteFideId "4170350"]
[BlackFideId "4135539"]
[EventDate "2019.05.01"]

1. e4 e5 2. Nf3 Nc6 3. Bc4 Bc5 4. Nc3 Nf6 5. d3 d6 6. Na4 Bb6 7. a3 Qe7 8. O-O
O-O 9. c3 Be6 10. Bxe6 Qxe6 11. b4 Ne7 12. Re1 Ng6 13. Bd2 Nd7 14. d4 c6 15. Qc2
Rfe8 16. Rab1 h6 17. Qd3 Nf6 18. c4 exd4 19. c5 dxc5 20. bxc5 Bc7 21. Rxb7 Qc8
22. Rb4 Ng4 23. h3 N4e5 24. Nxe5 Nxe5 25. Qb3 d3 26. f4 Ng6 27. e5 Qf5 28. Nc3
Nh4 29. Qd1 Ba5 30. Ne4 Bxb4 31. axb4 Qe6 32. Qg4 Nf5 33. Nf6+ Kh8 34. Nxe8 Rxe8
35. Qf3 Rd8 36. g4 Qa2 37. gxf5 Qxd2 38. Qf2 Qxb4 39. e6 fxe6 40. fxe6 d2 41.
Rd1 Qb3 42. Rxd2 Rxd2 43. Qxd2 Qg3+ 44. Qg2 Qxg2+ 45. Kxg2 Kg8 46. Kf3 g6 47. h4
h5 0-1

[Event "TCh-RUS Premier 2019"]
[Site "Sochi RUS"]
[Date "2019.05.02"]
[Round "2.5"]
[Board "1"]
[White "Potkin, Vladimir"]
[Black "Schekachikhin, Maksim"]
[Result "1-0"]
[WhiteTitle "GM"]
[BlackTitle "IM"]
[WhiteElo "2590"]
[BlackElo "2424"]
[WhiteTeam "Molodezhka (Tyumen region)"]
[BlackTeam "Muzhskoe Dvizhenie (St. Petersburg)"]
[WhiteFideId "4131061"]
[BlackFideId "24177830"]
[EventDate "2019.05.01"]

1. c4 c5 2. Nf3 Nf6 3. Nc3 e6 4. e4 Nc6 5. d4 cxd4 6. Nxd4 Bc5 7. Nb3 Bb4 8. Bd3
d5 9. exd5 exd5 10. cxd5 Qxd5 11. O-O Bxc3 12. bxc3 O-O 13. c4 Qd7 14. Bb2 Rd8
15. Bxf6 gxf6 16. Nc5 Qg4 17. Qxg4+ Bxg4 18. Be4 Rd4 19. f3 Bc8 20. Rfc1 Na5 21.
Nb3 Nxb3 22. axb3 f5 23. Bd5 Be6 24. Bxe6 fxe6 25. Rd1 Rxd1+ 26. Rxd1 b5 27.
cxb5 Rb8 28. Rd6 Rxb5 29. Rxe6 Kf7 30. Ra6 Rxb3 31. Rxa7+ Kg6 32. Kf2 Rb2+ 33.
Kg3 f4+ 34. Kxf4 Rxg2 35. h4 Rh2 36. Ra6+ Kh5 37. Kg3 Rh1 38. Ra5+ Kh6 39. f4
Rg1+ 40. Kf3 Rh1 41. Kg4 Kg6 42. h5+ Kf6 43. Ra6+ Kg7 44. Kg5 Rg1+ 45. Kf5 Rb1
46. h6+ Kf7 47. Ra7+ Kg8 48. Rg7+ Kh8 49. Re7 Kg8 50. Kf6 Rb6+ 51. Re6 Rb8 52.
Rd6 Kf8 53. Ra6 Rc8 54. Rb6 Ra8 55. Rc6 Rb8 56. f5 Ra8 57. Rc7 Kg8 58. Rg7+ Kh8
59. Rd7 Kg8 60. Ke7 Rf8 61. Rd3 Rf7+ 62. Ke6 Rf8 63. f6 Re8+ 64. Kf5 Ra8 65. Rd7
Rb8 66. Ke6 Re8+ 67. Re7 Ra8 68. Rg7+ Kh8 69. Rd7 Re8+ 70. Kd6 Rc8 71. Ke7 Kg8
72. Ra7 Rb8 73. Ra6 Rb7+ 74. Ke6 Rb8 75. Rd6 Re8+ 76. Kf5 Ra8 77. Rd7 Ra5+ 78.
Ke6 Ra6+ 79. Ke7 Ra8 80. Rb7 Rf8 81. Rb2 Rf7+ 82. Ke6 Rf8 83. Rg2+ Kh8 84. Rf2
Re8+ 85. Kd7 Ra8 86. Re2 Ra7+ 87. Ke8 Kg8 88. Rg2+ Kh8 89. Rd2 Kg8 90. Rg2+ Kh8
91. Re2 Rf7 92. Kd8 Kg8 93. Re8+ Rf8 94. Ke7 Rxe8+ 95. Kxe8 Kh8 96. Ke7 1-0

[Event "TCh-RUS Premier 2019"]
[Site "Sochi RUS"]
[Date "2019.05.02"]
[Round "2.5"]
[Board "2"]
[White "Duzhakov, Ilya"]
[Black "Esipenko, Andrey"]
[Result "1/2-1/2"]
[WhiteTitle "IM"]
[BlackTitle "GM"]
[WhiteElo "2388"]
[BlackElo "2620"]
[WhiteTeam "Muzhskoe Dvizhenie (St. Petersburg)"]
[BlackTeam "Molodezhka (Tyumen region)"]
[WhiteFideId "4192516"]
[BlackFideId "24175439"]
[EventDate "2019.05.01"]

1. d4 Nf6 2. c4 e6 3. Nf3 b6 4. g3 Bb4+ 5. Bd2 Be7 6. Bg2 c6 7. O-O d5 8. Qc2
Ba6 9. b3 Nbd7 10. Rd1 O-O 11. Bf4 Rc8 12. Nc3 dxc4 13. Nd2 Nd5 14. bxc4 Nxf4
15. gxf4 b5 16. Nce4 Qc7 17. e3 bxc4 18. Rac1 c5 19. Qa4 Bb7 20. dxc5 Bd5 21.
Nxc4 Nxc5 22. Nxc5 Qxc5 23. Bxd5 exd5 24. Ne5 Qxc1 25. Rxc1 Rxc1+ 26. Kg2 Rc7
27. Qa5 Rc2 28. Kg3 Bd6 29. Qxa7 Bxe5 30. fxe5 g6 31. a4 Re8 32. a5 Ra2 33. f4
Rc8 34. Qd7 Rc3 35. Qd8+ Kg7 36. Qf6+ Kg8 37. Qd8+ Kg7 38. Qf6+ Kg8 39. Kf3 Raa3
40. Qd8+ Kg7 41. Qb6 Rd3 42. a6 d4 43. Kg4 Rxe3 44. Qf6+ Kg8 45. Qd8+ Kg7 46.
Qf6+ Kg8 47. a7 Rxa7 48. Qd8+ Kg7 49. Qf6+ Kg8 50. Qd8+ Kg7 51. Qf6+ Kg8 52.
Qd8+ Kg7 53. Qf6+ Kg8 1/2-1/2